[Event "K41 Aabent Mesterskab 2009-10"]
[Site "Valby"]
[Date "2010.01.05"]
[Round "4"]
[White "Greger, Roland Reinhard"]
[Black "Jorgensen, Kasper Moller"]
[Result "1-0"]
[WhiteElo "2370"]
[BlackElo "2013"]
[PlyCount "71"]
[EventDate "2009.??.??"]

1. e4 c5 2. Nf3 Nc6 3. d4 cxd4 4. Nxd4 Nf6 5. Nc3 d6 6. Bg5 e6 7. Qd2 Be7 8.
O-O-O O-O 9. Nb3 a5 10. a4 d5 11. Bb5 Nxe4 12. Nxe4 dxe4 13. Qxd8 Bxd8 14. Bxd8
Nxd8 15. Nc5 f5 16. Rd6 Nf7 17. Rb6 Ne5 18. h3 Rd8 19. Nxe6 Bxe6 20. Rxe6 Rd5
21. Rd1 Rxd1+ 22. Kxd1 Ng6 23. g3 Rc8 24. b3 Rc7 25. Re8+ Kf7 26. Ra8 f4 27.
Be8+ Kf6 28. Bxg6 Kxg6 29. gxf4 b6 30. Kd2 Kh5 31. Rb8 Rc6 32. Rb7 Rg6 33. f5
Rf6 34. Rxg7 Rxf5 35. Rxh7+ Kg6 36. Rb7 1-0

[Event "K41 Aabent Mesterskab 2009-10"]
[Site "Valby"]
[Date "2010.01.05"]
[Round "4"]
[White "Henriksen, Christian"]
[Black "Nielsen, Soren Skovso"]
[Result "1/2-1/2"]
[WhiteElo "1690"]
[BlackElo "1454"]
[PlyCount "106"]
[EventDate "2009.??.??"]

1. d4 Nf6 2. c4 e6 3. Nc3 Bb4 4. e3 O-O 5. Bd3 d5 6. Nf3 Nbd7 7. O-O dxc4 8.
Bxc4 Nb6 9. Bd3 c5 10. a3 cxd4 11. exd4 Be7 12. Bf4 Nbd5 13. Nxd5 Nxd5 14. Bg3
Qb6 15. Qe2 f6 16. Rac1 Bd7 17. Bc4 Bd6 18. Qe4 Bxg3 19. hxg3 Qd6 20. Bd3 g6
21. Rfe1 Rae8 22. Qh4 Kg7 23. Bc4 Bc6 24. Qg4 Re7 25. Qe4 Nb6 26. Qd3 Nxc4 27.
Qxc4 Bd5 28. Qc5 Qxc5 29. dxc5 e5 30. b4 Bc6 31. Nd4 Be8 32. c6 bxc6 33. Nxc6
Rc7 34. Nd8 Rxc1 35. Rxc1 Bd7 36. Nb7 Rc8 37. Rd1 Rc7 38. Nc5 Bf5 39. a4 a5 40.
b5 Rxc5 41. b6 Bc8 42. b7 Bxb7 43. Rd7+ Kh6 44. Rxb7 Rc4 45. Rb6 f5 46. Rb5
Rxa4 47. Rxe5 Ra1+ 48. Kh2 a4 49. g4 fxg4 50. Kg3 a3 51. Ra5 a2 52. Ra6 Kh5 53.
Ra5+ Kh6 1/2-1/2

[Event "K41 Aabent Mesterskab 2009-10"]
[Site "Valby"]
[Date "2010.01.05"]
[Round "4"]
[White "Jorgensen, Orla Eilegaard"]
[Black "Wadtland, Flemming"]
[Result "1-0"]
[WhiteElo "1643"]
[BlackElo "1170"]
[PlyCount "41"]
[EventDate "2009.??.??"]

1. f4 b6 2. Nf3 Bb7 3. e3 Nf6 4. g3 d5 5. Bg2 e6 6. O-O c5 7. d4 g6 8. Nbd2 Be7
9. c4 Ng4 10. Qe2 cxd4 11. Nxd4 h5 12. h3 Nf6 13. b3 Qd7 14. cxd5 Bxd5 15. N2f3
Bb7 16. Ne5 Ba6 17. Nxd7 Bxe2 18. Nxf6+ Bxf6 19. Nxe2 Bxa1 20. Bxa8 O-O 21. Ba3
1-0

[Event "K41 Aabent Mesterskab 2009-10"]
[Site "Valby"]
[Date "2010.01.05"]
[Round "4"]
[White "Jorgensen, Rasmus"]
[Black "Nielsen, Jorgen Holmstrom"]
[Result "1-0"]
[WhiteElo "1928"]
[BlackElo "1650"]
[PlyCount "83"]
[EventDate "2009.??.??"]

1. e4 Nf6 2. Nc3 d5 3. e5 Ne4 4. Nce2 d4 5. c3 dxc3 6. bxc3 Nc5 7. d4 Ne6 8. f4
c5 9. d5 Nc7 10. c4 g6 11. Nf3 Bg7 12. Nc3 O-O 13. Bd3 a6 14. O-O b5 15. Be3
bxc4 16. Bxc4 Nd7 17. Rb1 Nb5 18. Nxb5 axb5 19. Bxb5 Rxa2 20. Qb3 Ra7 21. e6
Nf6 22. Bxc5 Rb7 23. exf7+ Rxf7 24. Ng5 Qxd5 25. Qxd5 Nxd5 26. Nxf7 Kxf7 27.
Bc6 Rxb1 28. Bxd5+ e6 29. Bxe6+ Bxe6 30. Rxb1 Bd5 31. Kf2 Kg8 32. Rd1 Be6 33.
Rd6 Kf7 34. Ra6 Bd5 35. Ra7+ Kg8 36. g4 Be6 37. Kg3 Bd5 38. Bd6 Bc3 39. Re7 Bf6
40. Re8+ Kf7 41. Rf8+ Ke6 42. Be5 1-0

[Event "K41 Aabent Mesterskab 2009-10"]
[Site "Valby"]
[Date "2010.01.05"]
[Round "4"]
[White "Karup, Jesper"]
[Black "Nielsen, Leonard de Freitas"]
[Result "1/2-1/2"]
[WhiteElo "1706"]
[BlackElo "1930"]
[PlyCount "40"]
[EventDate "2009.??.??"]

1. e4 e6 2. d3 c5 3. g3 Nc6 4. Bg2 g6 5. Nf3 Bg7 6. O-O Nge7 7. Re1 O-O 8. Nbd2
d6 9. Nf1 b5 10. Rb1 a5 11. Be3 Bb7 12. Qd2 a4 13. a3 Qa5 14. c3 b4 15. d4 cxd4
16. Nxd4 bxc3 17. bxc3 Ba6 18. Nxc6 Nxc6 19. Qxd6 Rac8 20. Bb6 Qe5 1/2-1/2

[Event "K41 Aabent Mesterskab 2009-10"]
[Site "Valby"]
[Date "2010.01.05"]
[Round "4"]
[White "Krogh, Soren"]
[Black "Gjelstrup, Ole"]
[Result "0-1"]
[WhiteElo "1183"]
[BlackElo "1438"]
[PlyCount "116"]
[EventDate "2009.??.??"]

1. b3 e5 2. Bb2 Nc6 3. e3 d6 4. Bb5 Bd7 5. Ne2 a6 6. Bxc6 Bxc6 7. O-O Qg5 8. f3
f5 9. Qe1 Be7 10. Qg3 Qh6 11. Na3 Nf6 12. c4 Rg8 13. Rad1 g5 14. Nc2 g4 15. f4
Ne4 16. Qe1 Bh4 17. Ng3 Bxg3 18. hxg3 exf4 19. exf4 O-O-O 20. d3 Nc5 21. Nb4
Bxg2 22. Kxg2 Qh3+ 23. Kg1 Rg6 24. Qf2 Re8 25. Bd4 Rh6 26. Qg2 Re2 27. Bf2 Qh5
28. Rb1 Ne6 29. Rfe1 Nd4 30. Rxe2 Nxe2+ 31. Kf1 Qh1+ 32. Bg1 Nxg1 33. Qxh1 Rxh1
34. Kg2 Rh3 35. Rxg1 Kd7 36. d4 c6 37. Re1 Rh6 38. d5 c5 39. Nd3 Rf6 40. a3 h5
41. b4 b6 42. b5 a5 43. a4 Rh6 44. Ne5+ dxe5 45. fxe5 Rh7 46. Kf2 Ke7 47. Ke3
h4 48. Kf4 h3 49. Kxf5 h2 50. Rh1 Rf7+ 51. Kxg4 Rf2 52. Re1 Re2 53. Rf1 Rxe5
54. Kf4 Re2 55. g4 Rf2+ 56. Rxf2 h1=Q 57. g5 Qh4+ 58. Kf5 Qxf2+ 0-1

[Event "K41 Aabent Mesterskab 2009-10"]
[Site "Valby"]
[Date "2010.01.05"]
[Round "4"]
[White "Mouritsen, Jan"]
[Black "Olsen, Kim"]
[Result "1-0"]
[WhiteElo "1705"]
[BlackElo "1524"]
[PlyCount "87"]
[EventDate "2009.??.??"]

1. d4 d5 2. c4 c6 3. Nf3 Nf6 4. Nc3 Bg4 5. Ne5 Bh5 6. Qb3 b6 7. cxd5 cxd5 8. e4
Bg4 9. Nxg4 Nxg4 10. Bb5+ Nd7 11. h3 a6 12. Bxd7+ Qxd7 13. hxg4 dxe4 14. Qd5
Rd8 15. Qxd7+ Rxd7 16. Be3 e6 17. O-O h5 18. g5 h4 19. Nxe4 Be7 20. Rac1 f5 21.
gxf6 gxf6 22. Rc8+ Rd8 23. Rxd8+ Kxd8 24. d5 exd5 25. Bxb6+ Ke8 26. Nc3 h3 27.
g3 f5 28. Nxd5 Bg5 29. Be3 Bh6 30. Rc1 Kd7 31. Bxh6 Rxh6 32. Nf4 Kd6 33. Rd1+
Ke5 34. Re1+ Kd4 35. Kh2 a5 36. Re6 Rh7 37. Nxh3 Rb7 38. Re2 Rh7 39. Kg2 Rb7
40. Nf4 Rb5 41. Kf3 a4 42. Rd2+ Kc4 43. Ne6 a3 44. Rd4# 1-0

[Event "K41 Aabent Mesterskab 2009-10"]
[Site "Valby"]
[Date "2010.01.05"]
[Round "4"]
[White "Munk, Poul"]
[Black "Egholm, Leif"]
[Result "1-0"]
[WhiteElo "1861"]
[BlackElo "1621"]
[PlyCount "67"]
[EventDate "2009.??.??"]

1. c4 e5 2. Nc3 Bc5 3. Nf3 Nc6 4. d3 h6 5. e3 f5 6. Nxe5 Nxe5 7. d4 Bxd4 8.
Qxd4 d6 9. f4 Qh4+ 10. Kd1 Qg4+ 11. Kc2 Nc6 12. Qd2 Bd7 13. Be2 Qg6 14. a3 Nf6
15. Bf3 O-O-O 16. b3 Ne4 17. Bxe4 fxe4 18. Bb2 Rhg8 19. h3 Qf7 20. g4 Rge8 21.
Rad1 g6 22. Nd5 Ne7 23. Nxc7 Ba4 24. Nxe8 Qxc4+ 25. Kb1 Qxb3 26. Rc1+ Nc6 27.
Nf6 Bb5 28. Qc3 Bd3+ 29. Ka1 Qe6 30. Qa5 a6 31. Nd5 Kd7 32. Qc7+ Ke8 33. Nf6+
Kf8 34. Rxc6 1-0

[Event "K41 Aabent Mesterskab 2009-10"]
[Site "Valby"]
[Date "2010.01.05"]
[Round "4"]
[White "Ottosen, Peder"]
[Black "Moller, Arne Vagn"]
[Result "1/2-1/2"]
[WhiteElo "2033"]
[BlackElo "1790"]
[PlyCount "84"]
[EventDate "2009.??.??"]

1. d4 Nf6 2. c4 e6 3. Nc3 Bb4 4. e3 c5 5. Bd3 Nc6 6. Nf3 d5 7. O-O dxc4 8. Bxc4
O-O 9. a3 Ba5 10. Ne2 cxd4 11. exd4 Nd5 12. b4 Bc7 13. b5 Nce7 14. Qc2 Ng6 15.
Bg5 f6 16. Bd2 Bd7 17. Qb3 Be8 18. Bb4 Rf7 19. Nc3 Rd7 20. Rac1 Bf7 21. Nxd5
exd5 22. Bd3 Nf4 23. Rfe1 Nxd3 24. Qxd3 Ba5 25. Bxa5 Qxa5 26. Rc5 Bg6 27. Qb3
h6 28. Rec1 Kh7 29. Nh4 Re8 30. h3 Re1+ 31. Kh2 Rxc1 32. Rxc1 Qd2 33. Nxg6 Kxg6
34. Qe3 Qxe3 35. fxe3 Kf5 36. Kg3 Ke4 37. Kf2 Kd3 38. a4 Kd2 39. Rc8 b6 40. Rc6
Kd3 41. Rc8 Kd2 42. Rc6 Kd3 1/2-1/2

[Event "K41 Aabent Mesterskab 2009-10"]
[Site "Valby"]
[Date "2010.01.05"]
[Round "4"]
[White "Porte, Henrik"]
[Black "Laursen, Niels Norskov"]
[Result "0-1"]
[WhiteElo "2136"]
[BlackElo "2172"]
[PlyCount "67"]
[EventDate "2009.??.??"]

1. d4 Nf6 2. c4 g6 3. Nc3 Bg7 4. e4 d6 5. Nf3 O-O 6. Be2 e5 7. O-O Na6 8. Bg5
h6 9. Bxf6 Qxf6 10. d5 Qe7 11. a3 c5 12. dxc6 bxc6 13. Qc2 Nc5 14. Rfd1 Ne6 15.
Bf1 f5 16. Re1 f4 17. Na4 c5 18. Nc3 g5 19. Nd5 Qd8 20. b4 g4 21. Nd2 Nd4 22.
Qd1 Rf7 23. Nb3 Bf8 24. Nxd4 cxd4 25. Ra2 f3 26. Qc1 Bd7 27. a4 Kh7 28. a5 h5
29. b5 Bc8 30. Qb1 Rb8 31. Nb4 fxg2 32. Kxg2 Qh4 33. Nc6 Bh6 34. Kh1 0-1

[Event "K41 Aabent Mesterskab 2009-10"]
[Site "Valby"]
[Date "2010.01.05"]
[Round "4"]
[White "Rasmussen, Morten(1956)"]
[Black "Meldal, Peter"]
[Result "1-0"]
[WhiteElo "1599"]
[BlackElo "1380"]
[PlyCount "65"]
[EventDate "2009.??.??"]

1. d4 d5 2. c4 c6 3. Nf3 Nf6 4. e3 Bf5 5. Nc3 e6 6. Nh4 Bg6 7. Qb3 Qc7 8. Bd2
Ne4 9. Nxg6 Nxd2 10. Kxd2 hxg6 11. Rc1 Nd7 12. cxd5 exd5 13. Nxd5 Qd6 14. Nf4
b5 15. g3 Be7 16. Bg2 Rc8 17. Ke2 O-O 18. Rhd1 g5 19. Nd3 Nf6 20. Rc2 Rc7 21.
Ne5 c5 22. Ng6 Rd8 23. Nxe7+ Qxe7 24. Qxb5 cxd4 25. Rcd2 Rc5 26. Qa4 Qd6 27.
Rxd4 Nd5 28. Bxd5 Qc7 29. Bxf7+ Kxf7 30. Rxd8 Rc2+ 31. Kf1 Kg6 32. Qe4+ Kh5 33.
Rh8# 1-0

[Event "K41 Aabent Mesterskab 2009-10"]
[Site "Valby"]
[Date "2010.01.05"]
[Round "4"]
[White "Skjoldager, Mikael"]
[Black "Glibstrup, Jakob"]
[Result "1/2-1/2"]
[WhiteElo "1753"]
[BlackElo "1954"]
[PlyCount "52"]
[EventDate "2009.??.??"]

1. e4 Nf6 2. e5 Nd5 3. d4 d6 4. Nf3 Nc6 5. Bc4 Nb6 6. Bb3 dxe5 7. Nxe5 Nxe5 8.
dxe5 Qxd1+ 9. Kxd1 Bf5 10. Be3 O-O-O+ 11. Ke2 Nd5 12. Rd1 Nxe3 13. Rxd8+ Kxd8
14. Kxe3 e6 15. Nc3 Bc5+ 16. Ke2 Ke7 17. Rd1 f6 18. Na4 Bb4 19. c3 Ba5 20.
exf6+ gxf6 21. Nc5 b5 22. Rd7+ Ke8 23. Rg7 Kf8 24. Rd7 Ke8 25. Rd2 Ke7 26. Rd7+
Ke8 1/2-1/2

[Event "K41 Aabent Mesterskab 2009-10"]
[Site "Valby"]
[Date "2010.01.05"]
[Round "4"]
[White "Tandrup, Michael"]
[Black "Truelsen, Ole Illum"]
[Result "1-0"]
[WhiteElo "1934"]
[BlackElo "1715"]
[PlyCount "83"]
[EventDate "2009.??.??"]

1. d4 e6 2. Nf3 f5 3. d5 Be7 4. dxe6 dxe6 5. Qxd8+ Bxd8 6. Bf4 Nf6 7. Nc3 O-O
8. e3 Na6 9. Bxa6 bxa6 10. O-O Bb7 11. Ne5 Nh5 12. Nd7 Re8 13. Be5 Nf6 14. Nc5
Bc8 15. Rad1 Rb8 16. Rxd8 Rxd8 17. Bxc7 Bd7 18. Rd1 Rbc8 19. Bxd8 Rxd8 20. Nxe6
Rc8 21. Nf4 Rb8 22. b3 Rc8 23. Nfe2 Be8 24. f3 g5 25. Rd6 Rc6 26. Rxc6 Bxc6 27.
Nd4 Bd7 28. Kf2 Kf7 29. Ke2 h5 30. e4 fxe4 31. fxe4 Ng4 32. h3 Ne5 33. Nd5 g4
34. hxg4 hxg4 35. Ke3 Ng6 36. c4 Ne5 37. Nb4 a5 38. Nd5 a4 39. c5 Kg6 40. c6
Be8 41. c7 Bd7 42. c8=Q 1-0

[Event "K41 Aabent Mesterskab 2009-10"]
[Site "Valby"]
[Date "2010.02.16"]
[Round "5"]
[White "Egholm, Leif"]
[Black "Gjelstrup, Ole"]
[Result "1/2-1/2"]
[WhiteElo "1621"]
[BlackElo "1438"]
[PlyCount "30"]
[EventDate "2009.??.??"]

1. e4 e5 2. Nf3 d6 3. Nc3 Bg4 4. Be2 Nf6 5. d4 exd4 6. Nxd4 Bxe2 7. Qxe2 Be7 8.
O-O c6 9. Bg5 Nbd7 10. Nf5 O-O 11. Nxe7+ Qxe7 12. Rad1 Rfe8 13. Qd3 Nc5 14. Qh3
Qe6 15. Qxe6 Rxe6 1/2-1/2

[Event "K41 Aabent Mesterskab 2009-10"]
[Site "Valby"]
[Date "2010.02.02"]
[Round "5"]
[White "Glibstrup, Jakob"]
[Black "Karup, Jesper"]
[Result "1/2-1/2"]
[WhiteElo "1954"]
[BlackElo "1706"]
[PlyCount "41"]
[EventDate "2009.??.??"]

1. e4 e6 2. d4 d5 3. Nc3 Bb4 4. e5 c5 5. a3 Bxc3+ 6. bxc3 Ne7 7. Qg4 O-O 8. Bd3
f5 9. exf6 Rxf6 10. Bg5 Rf7 11. Qh4 h6 12. Bxe7 Rxe7 13. Nf3 e5 14. Be2 exd4
15. cxd4 Nc6 16. Kf1 Qe8 17. Re1 Re4 18. Bb5 Rxe1+ 19. Nxe1 b6 20. dxc5 bxc5
21. Qf4 1/2-1/2

[Event "K41 Aabent Mesterskab 2009-10"]
[Site "Valby"]
[Date "2010.01.19"]
[Round "5"]
[White "Henriksen, Christian"]
[Black "Abildgaard, Kenneth"]
[Result "0-1"]
[WhiteElo "1690"]
[BlackElo "1843"]
[PlyCount "50"]
[EventDate "2009.??.??"]

1. d4 d5 2. c4 dxc4 3. Nf3 Bf5 4. Nc3 Nf6 5. e3 Nbd7 6. Bxc4 e6 7. O-O Be7 8.
Qe2 Nb6 9. Bb3 Ne4 10. Nd2 Nxc3 11. bxc3 O-O 12. e4 Bg6 13. Bb2 c5 14. Rfd1 Rc8
15. a4 a5 16. Nc4 Nxc4 17. Bxc4 cxd4 18. cxd4 Bxe4 19. Bd3 Bxd3 20. Rxd3 Qd5
21. Rad1 Rc4 22. Qe5 Rxa4 23. Qxd5 exd5 24. Re3 Bf6 25. Rb3 Rb4 0-1

[Event "K41 Aabent Mesterskab 2009-10"]
[Site "Valby"]
[Date "2010.01.19"]
[Round "5"]
[White "Hestehauge, Klaus"]
[Black "Jorgensen, Rasmus"]
[Result "0-1"]
[WhiteElo "1925"]
[BlackElo "1928"]
[PlyCount "70"]
[EventDate "2009.??.??"]

1. d4 g6 2. Nf3 Bg7 3. e4 d6 4. Nc3 a6 5. Be3 b5 6. a3 Nd7 7. Qd2 Bb7 8. Be2
Rc8 9. h3 c5 10. O-O cxd4 11. Bxd4 Ngf6 12. Bd3 O-O 13. Rfe1 Nc5 14. Rac1 Rc7
15. Qe2 Qa8 16. Nd2 Rfc8 17. g3 Ne6 18. Bb6 Rd7 19. Kh2 h5 20. f4 h4 21. Bf2
hxg3+ 22. Bxg3 Nh5 23. Qg4 Nxg3 24. Qxg3 Nxf4 25. Qg4 Rdc7 26. Rf1 Nh5 27. Nf3
Bc6 28. Ng5 Bd7 29. Qf3 Be5+ 30. Kg2 Nf4+ 31. Kh1 Rxc3 32. bxc3 f6 33. Rg1 fxg5
34. Rxg5 Kg7 35. Rcg1 Rh8 0-1

[Event "K41 Aabent Mesterskab 2009-10"]
[Site "Valby"]
[Date "2010.01.19"]
[Round "5"]
[White "Jorgensen, Kasper Moller"]
[Black "Tandrup, Michael"]
[Result "1-0"]
[WhiteElo "2013"]
[BlackElo "1934"]
[PlyCount "123"]
[EventDate "2009.??.??"]

1. e4 d5 2. exd5 Qxd5 3. Nc3 Qa5 4. d4 Nf6 5. Nf3 Bg4 6. h3 Bxf3 7. Qxf3 c6 8.
Bd2 Nbd7 9. Bc4 e6 10. O-O-O Qc7 11. Bf4 Bd6 12. Bxd6 Qxd6 13. d5 Nxd5 14. Bxd5
cxd5 15. Nxd5 Qc5 16. Nc3 Qc6 17. Qg3 O-O 18. Rd6 Qc8 19. h4 Nf6 20. Rhd1 b5
21. Qd3 b4 22. Ne4 Nxe4 23. Qxe4 Qc5 24. Qd4 Qxd4 25. R1xd4 a5 26. Rd7 g6 27.
Rb7 Rfb8 28. Rdd7 Rxb7 29. Rxb7 Kg7 30. c4 bxc3 31. bxc3 Rc8 32. Kb2 Rc4 33. g3
Re4 34. Ka3 Re2 35. Rb2 Re4 36. Rc2 Rc4 37. Kb3 Rc5 38. c4 Kf8 39. Kc3 Ke7 40.
Kd4 Kd6 41. Rb2 e5+ 42. Kc3 f5 43. Rb8 f4 44. Rb6+ Rc6 45. Rb8 Rc5 46. Ra8 fxg3
47. fxg3 Ke6 48. g4 Kd6 49. Ra6+ Rc6 50. Rxa5 e4 51. Kd4 Ke6 52. Re5+ Kf6 53.
g5+ Kf7 54. Rxe4 Ra6 55. Re2 Ra3 56. c5 Ra4+ 57. Kd5 Rxh4 58. c6 Rh1 59. Re4
Rg1 60. c7 Rd1+ 61. Rd4 Rc1 62. Rc4 1-0

[Event "K41 Aabent Mesterskab 2009-10"]
[Site "Valby"]
[Date "2010.01.19"]
[Round "5"]
[White "Laursen, Niels Norskov"]
[Black "Greger, Roland Reinhard"]
[Result "0-1"]
[WhiteElo "2172"]
[BlackElo "2370"]
[PlyCount "32"]
[EventDate "2009.??.??"]

1. c4 Nf6 2. g3 e6 3. Bg2 d5 4. Nf3 Be7 5. O-O O-O 6. b3 c5 7. d3 Nc6 8. e3 Qc7
9. Bb2 Rd8 10. Qe2 a6 11. Nc3 Rb8 12. Rac1 b5 13. cxd5 exd5 14. d4 Bg4 15. dxc5
d4 16. Nd1 d3 0-1

[Event "K41 Aabent Mesterskab 2009-10"]
[Site "Valby"]
[Date "2010.01.19"]
[Round "5"]
[White "Lofberg, Jan"]
[Black "Munk, Poul"]
[Result "1/2-1/2"]
[WhiteElo "1801"]
[BlackElo "1861"]
[PlyCount "31"]
[EventDate "2009.??.??"]

1. Nf3 d5 2. c4 c6 3. g3 g6 4. Bg2 Bg7 5. O-O Nf6 6. cxd5 cxd5 7. d4 O-O 8. Nc3
Nc6 9. Ne5 e6 10. Bg5 Qb6 11. Nxc6 bxc6 12. Na4 Qa5 13. Rc1 h6 14. Rc5 Qa6 15.
Bf4 Nd7 16. Rc1 1/2-1/2

[Event "K41 Aabent Mesterskab 2009-10"]
[Site "Valby"]
[Date "2010.01.19"]
[Round "5"]
[White "Meldal, Peter"]
[Black "Eiholt, Bjarne"]
[Result "0-1"]
[WhiteElo "1380"]
[BlackElo "1360"]
[PlyCount "78"]
[EventDate "2009.??.??"]

1. e4 c6 2. d4 d5 3. e5 Bf5 4. Nf3 e6 5. Nc3 Ne7 6. Nh4 h6 7. Nxf5 Nxf5 8. Ne2
c5 9. c3 Nc6 10. Nf4 cxd4 11. Nxe6 fxe6 12. Qh5+ g6 13. Qxg6+ Kd7 14. Bf4 Be7
15. g3 Qe8 16. Qg4 Qf7 17. Bb5 a6 18. Bd3 Rhg8 19. Qh3 Bg5 20. O-O-O Nxe5 21.
cxd4 Nxd3+ 22. Rxd3 Bxf4+ 23. gxf4 Qg6 24. Re1 Qg2 25. Qh5 Raf8 26. Qe2 Rc8+
27. Kb1 Qg6 28. Qe5 Rc6 29. Ka1 Rgc8 30. a3 Rc1+ 31. Rxc1 Rxc1+ 32. Ka2 a5 33.
Rb3 Nd6 34. f5 Qxf5 35. Qg7+ Kc6 36. Rc3+ Rxc3 37. bxc3 Qc2+ 38. Ka1 Nc4 39.
Qxh6 Qb2# 0-1

[Event "K41 Aabent Mesterskab 2009-10"]
[Site "Valby"]
[Date "2010.01.19"]
[Round "5"]
[White "Moller, Arne Vagn"]
[Black "Jorgensen, Orla Eilegaard"]
[Result "1/2-1/2"]
[WhiteElo "1790"]
[BlackElo "1643"]
[PlyCount "88"]
[EventDate "2009.??.??"]

1. e4 d6 2. d4 Nf6 3. Nc3 g6 4. h3 Bg7 5. Nf3 e6 6. Bd3 Nbd7 7. Bg5 e5 8. dxe5
Nxe5 9. Nxe5 dxe5 10. Bb5+ c6 11. Qxd8+ Kxd8 12. Bc4 Ke7 13. O-O Be6 14. Bxe6
Kxe6 15. Rad1 Rad8 16. a4 a5 17. Be3 Nd7 18. Rd3 Bf8 19. Rfd1 Be7 20. g4 f6 21.
h4 h6 22. Ne2 b6 23. b3 h5 24. g5 fxg5 25. Bxg5 Bxg5 26. hxg5 Ke7 27. Nc3 Nc5
28. Rf3 Rxd1+ 29. Nxd1 Nxe4 30. Re3 Nxg5 31. Rxe5+ Kf6 32. Re3 Rd8 33. Nb2 Rd2
34. Nc4 Rd1+ 35. Kg2 Rc1 36. Nxb6 Rxc2 37. Nd7+ Kf7 38. Kg3 Rc1 39. f4 Ne6 40.
Ne5+ Kf6 41. Nf3 Rc5 42. Ne5 Rc1 43. Nf3 Ng7 44. Re5 Nf5+ 1/2-1/2

[Event "K41 Aabent Mesterskab 2009-10"]
[Site "Valby"]
[Date "2010.01.19"]
[Round "5"]
[White "Mouritsen, Jan"]
[Black "Porte, Henrik"]
[Result "0-1"]
[WhiteElo "1705"]
[BlackElo "2136"]
[PlyCount "76"]
[EventDate "2009.??.??"]

1. d4 Nf6 2. c4 e6 3. Nf3 b6 4. g3 Bb7 5. Bg2 d5 6. O-O Be7 7. Nc3 O-O 8. b3
Nbd7 9. Bb2 Rc8 10. Rc1 c5 11. cxd5 Nxd5 12. dxc5 Nxc5 13. Nxd5 Bxd5 14. e3 Rc7
15. Nd4 Bxg2 16. Kxg2 Rd7 17. Qg4 Qa8+ 18. Kg1 Bf6 19. Rfd1 Rfd8 20. Ba3 Qe4
21. Qxe4 Nxe4 22. Re1 Bxd4 23. exd4 Nd2 24. Red1 Rxd4 25. Kg2 Nxb3 26. Rxd4
Nxd4 27. Rd1 f6 28. f4 Nc6 29. Rxd8+ Nxd8 30. Kf3 Kf7 31. Ke4 Nc6 32. g4 g6 33.
f5 Ne7 34. fxg6+ hxg6 35. h4 f5+ 36. gxf5 gxf5+ 37. Kf4 Nd5+ 38. Ke5 Nc3 0-1

[Event "K41 Aabent Mesterskab 2009-10"]
[Site "Valby"]
[Date "2010.01.19"]
[Round "5"]
[White "Nielsen, Jorgen Holmstrom"]
[Black "Christensen, Aage Niels"]
[Result "0-1"]
[WhiteElo "1650"]
[BlackElo "1391"]
[PlyCount "80"]
[EventDate "2009.??.??"]

1. Nc3 c5 2. Nf3 d5 3. e4 d4 4. Ne2 Nc6 5. Ng3 e6 6. Be2 Nge7 7. Nh5 Ng6 8. d3
Qe7 9. Bd2 Bd7 10. c3 Nce5 11. cxd4 Nxf3+ 12. Bxf3 cxd4 13. a3 a5 14. O-O Ne5
15. b4 Nc6 16. bxa5 g6 17. Ng3 Bg7 18. e5 Bxe5 19. Bxc6 Bxc6 20. Ne4 Bxe4 21.
dxe4 O-O 22. f4 Bd6 23. Rf3 Rfc8 24. f5 Qh4 25. Rh3 Qxe4 26. fxg6 fxg6 27. Qb3
Qd5 28. Qd3 e5 29. Re1 Re8 30. Re4 Re7 31. Reh4 e4 32. Qc2 Qf7 33. Rxh7 Qxh7
34. Rxh7 Kxh7 35. Bb4 Bxb4 36. axb4 d3 37. Qc5 Rd7 38. Qe3 Rad8 39. Qh3+ Kg7
40. Qg3 d2 0-1

[Event "K41 Aabent Mesterskab 2009-10"]
[Site "Valby"]
[Date "2010.01.19"]
[Round "5"]
[White "Nielsen, Leonard de Freitas"]
[Black "Nissen, Kaspar"]
[Result "1-0"]
[WhiteElo "1930"]
[BlackElo "1418"]
[PlyCount "41"]
[EventDate "2009.??.??"]

1. e4 c5 2. Nf3 Nc6 3. c3 e5 4. d4 cxd4 5. cxd4 d5 6. exd5 Qxd5 7. dxe5 Qxd1+
8. Kxd1 Bg4 9. Bf4 Bc5 10. Nbd2 Bxf2 11. Bb5 Nge7 12. Ne4 O-O-O+ 13. Ke2 Bxf3+
14. gxf3 Nd4+ 15. Kxf2 Nxb5 16. a4 Nd4 17. Nd6+ Kb8 18. Nxf7 Nd5 19. Bg3 Rdf8
20. e6+ Ka8 21. Rad1 1-0

[Event "K41 Aabent Mesterskab 2009-10"]
[Site "Valby"]
[Date "2010.01.19"]
[Round "5"]
[White "Nielsen, Michael"]
[Black "Gjedde, Thomas"]
[Result "0-1"]
[WhiteElo "2053"]
[BlackElo "2057"]
[PlyCount "90"]
[EventDate "2009.??.??"]

1. d4 d5 2. c4 e6 3. Nc3 Nf6 4. cxd5 exd5 5. Nf3 Be7 6. Bf4 c6 7. e3 Nbd7 8.
Bd3 O-O 9. Qc2 Re8 10. O-O-O Nf8 11. h4 a6 12. Ne5 Be6 13. g4 N6d7 14. h5 c5
15. g5 cxd4 16. exd4 Bxg5 17. Bxg5 Qxg5+ 18. Kb1 Nxe5 19. dxe5 Qxe5 20. h6 g6
21. Rde1 Qf6 22. Qd2 Red8 23. Ka1 Rac8 24. f4 Rc7 25. f5 gxf5 26. Ne2 Ng6 27.
Rhg1 Rdc8 28. Bb1 Kh8 29. Ng3 Rc4 30. Nh5 Qd4 31. Qg5 Qh4 32. Qxh4 Nxh4 33. Rg7
Rg4 34. Rh1 Nf3 35. Rf1 Nd2 36. Rg1 Rxg1 37. Rxg1 Rg8 38. Rxg8+ Kxg8 39. Nf6+
Kh8 40. Bd3 Nf3 41. b4 Ne5 42. Be2 f4 43. Nh5 f3 44. Bf1 Ng4 45. a4 Ne3 0-1

[Event "K41 Aabent Mesterskab 2009-10"]
[Site "Valby"]
[Date "2010.01.19"]
[Round "5"]
[White "Nielsen, Soren Skovso"]
[Black "Hojland, Ulrik"]
[Result "1/2-1/2"]
[WhiteElo "1454"]
[BlackElo "1122"]
[PlyCount "119"]
[EventDate "2009.??.??"]

1. e4 e6 2. Nf3 d5 3. e5 c5 4. d4 Qb6 5. Be2 Nc6 6. c3 Nge7 7. dxc5 Qc7 8. b4
Ng6 9. Bb5 Be7 10. O-O Ngxe5 11. Bf4 f6 12. Nxe5 fxe5 13. Qh5+ Kf8 14. Bg3 Bf6
15. Re1 Qf7 16. Qd1 h5 17. Bxc6 bxc6 18. Bxe5 Bxe5 19. Rxe5 Ba6 20. Qd4 Rh6 21.
Nd2 Kg8 22. Nf3 Rg6 23. Qe3 Rf8 24. Nd4 Rf6 25. f3 Qg6 26. Rxe6 Bc8 27. Re5 Rf4
28. Ne6 Bxe6 29. Rxe6 Qf7 30. Re1 g5 31. Re7 Qf6 32. Qe6+ Rf7 33. Re8+ Kg7 34.
Qxf6+ R4xf6 35. R1e5 g4 36. R8e7 gxf3 37. Rxf7+ Rxf7 38. Rxh5 Kg6 39. Rh3 fxg2
40. Kxg2 Re7 41. a4 a5 42. Rg3+ Kh7 43. h4 Re2+ 44. Kf3 Ra2 45. b5 Rxa4 46. Rg4
Ra3 47. b6 Rxc3+ 48. Ke2 Rxc5 49. Ra4 Rb5 50. b7 Rxb7 51. Rxa5 Rb4 52. Rc5 Rb6
53. Kd3 Kg6 54. Ra5 Kh5 55. Ra4 c5 56. Rf4 Rd6 57. Kd2 Kg6 58. Kd3 Rf6 59. Rg4+
Kh5 60. Rg5+ 1/2-1/2

[Event "K41 Aabent Mesterskab 2009-10"]
[Site "Valby"]
[Date "2010.01.19"]
[Round "5"]
[White "Ottosen, Peder"]
[Black "Skjoldager, Mikael"]
[Result "1-0"]
[WhiteElo "2033"]
[BlackElo "1753"]
[PlyCount "81"]
[EventDate "2009.??.??"]

1. d4 Nf6 2. c4 g6 3. Nc3 d5 4. e3 Bg7 5. Nf3 O-O 6. cxd5 Nxd5 7. Bc4 Nxc3 8.
bxc3 c5 9. O-O Nc6 10. Ba3 b6 11. Ng5 e5 12. Qf3 Qxg5 13. Qxc6 Rb8 14. f4 exf4
15. exf4 Qf5 16. dxc5 Bb7 17. Qb5 Qe4 18. Rf2 Bxc3 19. Rd1 Bd4 20. Rxd4 Qxd4
21. c6 Bxc6 22. Qb3 Rbd8 23. Bf1 Bd5 24. Qh3 Bc4 25. Bb2 Qc5 26. Qc3 f6 27.
Bxc4+ Kg7 28. Bb3 Qxc3 29. Bxc3 Rd3 30. Bb2 Re8 31. Rc2 Re1+ 32. Kf2 Rde3 33.
h3 Re7 34. Ba3 Re8 35. Rc7+ Kh6 36. Rxa7 g5 37. f5 R1e2+ 38. Kg3 R8e3+ 39. Kh2
Re8 40. Rf7 Rd2 41. Bf8+ 1-0

[Event "K41 Aabent Mesterskab 2009-10"]
[Site "Valby"]
[Date "2010.01.19"]
[Round "5"]
[White "Petersen, Steen Brustrup"]
[Black "Christensen, Esben"]
[Result "0-1"]
[WhiteElo "2130"]
[BlackElo "1963"]
[PlyCount "70"]
[EventDate "2009.??.??"]

1. e4 c5 2. Nf3 e6 3. d4 cxd4 4. Nxd4 Nf6 5. Nc3 d6 6. f4 a6 7. Qf3 Be7 8. g4
Nc6 9. Be3 O-O 10. g5 Nd7 11. O-O-O Qc7 12. Bd3 Nc5 13. Kb1 b5 14. Rhg1 Nxd4
15. Bxd4 b4 16. Ne2 Nxd3 17. cxd3 e5 18. Be3 f5 19. gxf6 Bxf6 20. f5 Bb7 21. d4
d5 22. exd5 e4 23. Qg2 Bxd5 24. Nf4 Qd7 25. Nh5 Bxa2+ 26. Kxa2 Qf7+ 27. Kb1
Qxh5 28. Qxe4 Rfe8 29. Qf4 Qe2 30. Bc1 b3 31. Rd2 Qb5 32. Rdg2 Ra7 33. Bd2 Qd3+
34. Ka1 Bxd4 35. Bb4 Bxg1 0-1